বাংলা একডেমি আধুনিক বাংলা অভিধান / (Record no. 10737)
[ view plain ]
| 000 -LEADER | |
|---|---|
| fixed length control field | 00767nam a2200229 a 4500 |
| 001 - CONTROL NUMBER | |
| JCCL Control Number | 10737 |
| 003 - CONTROL NUMBER IDENTIFIER | |
| JCCL marc code | BD-JhCC |
| 005 - DATE AND TIME OF LATEST TRANSACTION | |
| control field | 20180816131322.0 |
| 008 - FIXED-LENGTH DATA ELEMENTS--GENERAL INFORMATION | |
| fixed length control field | 180816s2016 bg |||| |||| 000 0 ben d |
| 020 ## - INTERNATIONAL STANDARD BOOK NUMBER | |
| International Standard Book Number | 9840756672 |
| 035 ## - SYSTEM CONTROL NUMBER | |
| system control number | (BD-JhCC)10737 |
| 040 ## - CATALOGING SOURCE | |
| Original cataloging agency | BD-JhCC |
| Modifying agency | BD-JhCC |
| 041 ## - LANGUAGE CODE | |
| Language code of Book | ben |
| 082 ## - DEWEY DECIMAL CLASSIFICATION NUMBER | |
| Classification number | 491.443 |
| Author mark and Year | BAN 2016 |
| 245 ## - TITLE STATEMENT | |
| Title | বাংলা একডেমি আধুনিক বাংলা অভিধান / |
| Statement of responsibility, etc | সম্পাদক জামিল চৌধুরী |
| 250 ## - EDITION STATEMENT | |
| Edition statement | 2nd ed. |
| 260 ## - PUBLICATION, DISTRIBUTION, ETC. (IMPRINT) | |
| Place of publication, distribution, etc | ঢাকা : |
| Name of publisher, distributor, etc | বাংলা একডেমি, |
| Date of publication, distribution, etc | ২০১৬ |
| 300 ## - PHYSICAL DESCRIPTION | |
| Pagination | ১৪৩৪ পৃ. : |
| Dimensions | ২১ সেমি. |
| 650 ## - SUBJECT ADDED ENTRY--TOPICAL TERM | |
| Topical term or geographic name as entry element | Dictionaries Bengali |
| 700 ## - ADDED ENTRY--PERSONAL NAME | |
| Personal name | চৌধুরী, জামিল |
| 942 ## - ADDED ENTRY ELEMENTS (KOHA) | |
| Source of classification or shelving scheme | Dewey Decimal Classification |
| Koha item type | Reference |
| Source of classification or shelving scheme | Damaged status | Not for loan | Home library | Current library | Shelving location | Date of accession | Cost, normal purchase price | Total Checkouts | Full call number | Barcode | Date last seen | Copy number | Koha item type | Method of acquisition | Currency |
|---|---|---|---|---|---|---|---|---|---|---|---|---|---|---|---|
| Dewey Decimal Classification | JCC Rouf Library | JCC Rouf Library | General Stacks | 08/16/2018 | 400.00 | 491.443 BAN 2016 | 14191 | 08/16/2018 | C-1 | Reference | |||||
| Dewey Decimal Classification | JCC Rouf Library | JCC Rouf Library | General Stacks | 06/08/2019 | 280.00 | 491.443 BAN 2016 | 15288 | 08/08/2019 | C-2 | Reference | |||||
| Dewey Decimal Classification | JCC Rouf Library | JCC Rouf Library | General Stacks | 740.00 | 491.443 BAN 2021 | 18813 | 03/02/2024 | C-3 | Reference | Purchase | BDT | ||||
| Dewey Decimal Classification | JCC Rouf Library | JCC Rouf Library | General Stacks | 740.00 | 491.443 BAN 2021 | 18814 | 03/02/2024 | C-4 | Reference | Purchase | BDT |